00651nam a22002177a 450000500170000001000130001702000100003003500130004003700160005304000120006908200160008110000170009724500860011426000400020027000550024030000240029550000460031965000260036565000230039170000190041420170124110214.0 aA-710102 c80.00 aA-710102 bCen Lib/Ret aDPLbEN a954.01bREN aRenou, Louis aThe civilization of ancient India /cby Louis Renou ; translated by Philip Spratt aDelhibIndological Book Housec1987 a42-43 U B Jawahar Nagar (1st Floor)bDelhie110007 avi,189p. c22cm(Hb) aIncludes bibliographical references  aIndia -- Civilization aHindu civilization aSpratt, Philip